<?xml version="1.0" encoding="UTF-8"?>
<collection xmlns:xsi="http://www.w3.org/2001/XMLSchema-instance" xsi:schemaLocation="http://www.loc.gov/MARC21/slim http://www.loc.gov/standards/marcxml/schema/MARC21slim.xsd" xmlns="http://www.loc.gov/MARC21/slim">
 <record>
  <leader>00000nam a2200000 i 4500</leader>
  <controlfield tag="001">UP-1686042739784970233</controlfield>
  <controlfield tag="003">Buklod</controlfield>
  <controlfield tag="005">20240510173423.0</controlfield>
  <controlfield tag="006">m    |o  d |      </controlfield>
  <controlfield tag="007">ta</controlfield>
  <controlfield tag="008">240510s2020    cau   agr   b|000 0|eng d</controlfield>
  <datafield tag="020" ind1=" " ind2=" ">
   <subfield code="a">9781565914964</subfield>
  </datafield>
  <datafield tag="035" ind1=" " ind2=" ">
   <subfield code="a">21730087</subfield>
  </datafield>
  <datafield tag="040" ind1=" " ind2=" ">
   <subfield code="a">DLC</subfield>
   <subfield code="b">eng</subfield>
   <subfield code="c">DLC</subfield>
   <subfield code="d">DAC</subfield>
   <subfield code="e">rda</subfield>
  </datafield>
  <datafield tag="041" ind1="1" ind2=" ">
   <subfield code="a">eng</subfield>
   <subfield code="h">kor</subfield>
  </datafield>
  <datafield tag="090" ind1=" " ind2=" ">
   <subfield code="a">GT 2853 K6</subfield>
   <subfield code="b">H3813 2020</subfield>
  </datafield>
  <datafield tag="130" ind1="0" ind2=" ">
   <subfield code="a">Hansik anŭn chŭlgŏum : Hansik kwa Han'guk sul iyagi.</subfield>
   <subfield code="l">English.</subfield>
  </datafield>
  <datafield tag="245" ind1="1" ind2="0">
   <subfield code="a">Hansik, Korean food and drinks</subfield>
   <subfield code="b">stories and traditions</subfield>
   <subfield code="c">project planning Hansik Chinhŭngwŏn ; writer Chung Hae-kyung, Park Rok-dam.</subfield>
  </datafield>
  <datafield tag="264" ind1=" " ind2="4">
   <subfield code="a">Carlsbad, CA and Seoul</subfield>
   <subfield code="b">Hollym</subfield>
   <subfield code="c">©2020</subfield>
  </datafield>
  <datafield tag="300" ind1=" " ind2=" ">
   <subfield code="a">138 pages</subfield>
   <subfield code="b">color illustrations</subfield>
   <subfield code="c">21 cm</subfield>
  </datafield>
  <datafield tag="336" ind1=" " ind2=" ">
   <subfield code="a">text</subfield>
   <subfield code="2">rdacontent</subfield>
  </datafield>
  <datafield tag="337" ind1=" " ind2=" ">
   <subfield code="a">unmediated</subfield>
   <subfield code="2">rdamedia</subfield>
  </datafield>
  <datafield tag="338" ind1=" " ind2=" ">
   <subfield code="a">volume</subfield>
   <subfield code="2">rdacarrier</subfield>
  </datafield>
  <datafield tag="504" ind1=" " ind2=" ">
   <subfield code="a">Includes bibliographical references (pages 136-137).</subfield>
  </datafield>
  <datafield tag="505" ind1="2" ind2=" ">
   <subfield code="a">Part 1. Exploring the depth of Hansik -- Part 2. A wide range of Hansik -- Part 3. Learning about Korean alcoholic beverages -- Part 4. Bonus for your Korean cuisine knowledge.</subfield>
  </datafield>
  <datafield tag="520" ind1=" " ind2=" ">
   <subfield code="a">&quot;Traditional Korean cuisine, or hansik, is a source of great pride for Koreans and represents the relationship an entire nation has with the food that has sustained them. During the country's 5,000-year history, hansik transformed itself through turbulent times helping Koreans survive with numerous vegetables in the absence of other food sources, the rice and grain farmers cultivated after overcoming adverse weather conditions, and the abundant seafood that could be obtained on three sides of the peninsula. Each played an important role toward improving life for the Korean people. Based on vegetarian and fermented foods, hansik was conceived in the spirit and philosophy of Korean naturalism, which considered nature an integral part of us as human beings. In fact, hansik embraces the food philosophy of the Koreans' ancestors, who thought of food as part of nature, not just something to consume, and who only relied on plain, simple foods to sustain them. The natural quality of hansik plays a role in healing the human mind and body. In this current age of materialism, hansik gives us a sense of spiritual fulfillment while the phytonutrients that are abundant in vegetables can prevent chronic diseases through their antioxidants. Today, hansik is emerging as a new and unique alternative source of food for people around the world in terms of its effects on the environment and people's health. In addition to being labeled &quot;healthy food,&quot; hansik not only has a long history behind it, but also a unique philosophy and wisdom to it. The current global food system, which is dominated by the West's meat-based diet and fast food, is neither sustainable nor healthy. As a result, campaigns for healthy food, such as the slow food and local food movements, are gaining traction around the world. These movements embody sustainability, environmental preservation, and healthiness; these are all elements already found in Korean cuisine. In order to share this philosophy with more people around the world, efforts are being made to create resources that teach about hansik. For those who want to learn more about hansik, this book describes the history, philosophy, and culture of Korean cuisine in an easy and fascinating way. Part 1 introduces the history, philosophy, characteristics, and table setting of hansik. Part 2 highlights the diversity and possibilities that hansik provides, describing the different types of hansik, K-food trends, and the current food culture in Korea, as well as how hansik is being greeted around the world. Part 3 clearly summarizes facts about Korean alcoholic drinks about which many people are unaware. Stories about hansik are intermittently interwoven in this part and add to readers' interest in this subject&quot;--</subfield>
   <subfield code="c">Provided by publisher.</subfield>
  </datafield>
  <datafield tag="650" ind1=" " ind2="0">
   <subfield code="a">Cooking, Korean.</subfield>
  </datafield>
  <datafield tag="650" ind1=" " ind2="0">
   <subfield code="a">Food habits</subfield>
   <subfield code="z">Korea.</subfield>
  </datafield>
  <datafield tag="650" ind1=" " ind2="0">
   <subfield code="a">Alcoholic beverages</subfield>
   <subfield code="z">Korea</subfield>
   <subfield code="x">History.</subfield>
  </datafield>
  <datafield tag="650" ind1=" " ind2="0">
   <subfield code="a">Drinking customs</subfield>
   <subfield code="z">Korea</subfield>
   <subfield code="x">History.</subfield>
  </datafield>
  <datafield tag="700" ind1="1" ind2=" ">
   <subfield code="a">Pak, Nok-tam</subfield>
   <subfield code="e">author.</subfield>
  </datafield>
  <datafield tag="700" ind1="1" ind2=" ">
   <subfield code="a">Chŏng, Hye-gyŏng</subfield>
   <subfield code="d">1957 April 24-</subfield>
   <subfield code="e">author.</subfield>
  </datafield>
  <datafield tag="710" ind1="2" ind2=" ">
   <subfield code="a">Hansik Chinhŭngwŏn</subfield>
   <subfield code="e">issuing body.</subfield>
  </datafield>
  <datafield tag="905" ind1=" " ind2=" ">
   <subfield code="a">FO</subfield>
  </datafield>
  <datafield tag="852" ind1="0" ind2=" ">
   <subfield code="a">UPD</subfield>
   <subfield code="b">DAC</subfield>
   <subfield code="h">GT 2853 K6</subfield>
   <subfield code="i">H3813 2020</subfield>
  </datafield>
  <datafield tag="942" ind1=" " ind2=" ">
   <subfield code="a">Book</subfield>
  </datafield>
 </record>
</collection>
